Dôležitý kontakt s Európou

Seminár o poľnohospodárstve v horských a podhorských oblastiach Slovenska koncom apríla 1997 v Žiline. Zmenená úloha poľnohospodárstva v horských oblastiach. Územná a krajinná ochrana. Vidiecky kontinent.

Gespeichert in:
Bibliographische Detailangaben
1. Verfasser: Peňkovský, Geňo
Format: Buchkapitel
Sprache:Slowakisch
Schlagworte:
Tags: Tag hinzufügen
Keine Tags, Fügen Sie das erste Tag hinzu!

MARC

LEADER 00000naa a2200000 4500
001 r026217
005 20230824090313.5
041 0 |a slo 
044 |a SK 
245 1 0 |a Dôležitý kontakt s Európou  |c Geňo Peňkovský 
520 |a Seminár o poľnohospodárstve v horských a podhorských oblastiach Slovenska koncom apríla 1997 v Žiline. Zmenená úloha poľnohospodárstva v horských oblastiach. Územná a krajinná ochrana. Vidiecky kontinent. 
610 2 0 |a Európa 
610 2 0 |a Slovensko 
610 2 0 |a apríl 
610 2 0 |a 1997 
610 2 0 |a Žilina 
610 2 0 |a poľnohospodárstvo 
610 2 0 |a regióny horské 
610 2 0 |a regióny podhorské 
610 2 0 |a semináre 
610 2 0 |a ochrana prírody 
610 2 0 |a vidiek 
100 1 |a Peňkovský, Geňo